Obce v okrese Ostrava-město - Statistics

General Stats
  • This quiz has been taken 30 times
  • The average score is 5 of 13
Answer Stats
Počet obyvatel Rozloha (km²) Obec % Correct
283 504 214,23 Ostrava
100%
6 553 16,63 Šenov
72%
7 336 14,14 Vratimov
68%
4 516 14,64 Klimkovice
48%
2 089 5,68 Václavovice
40%
2 865 8,65 Vřesina
36%
2 085 11,66 Velká Polom
28%
1 497 5,36 Dolní Lhota
24%
864 4,84 Horní Lhota
24%
2 936 18,83 Stará Ves nad Ondřejnicí
20%
661 7,4 Zbyslavice
20%
514 4,11 Čavisov
16%
729 5,38 Olbramice
16%
No matching quizzes found
Score Distribution
Percent of People with Each Score
Percentile by Number Answered
Your Score History
You have not taken this quiz